[Event "Chigorin Memorial"]
[Site "St Petersburg"]
[Date "2015.10.07"]
[Round "5.95"]
[White "Turikov, Viktor"]
[Black "Movldiev, Ibragim"]
[Result "1-0"]
[WhiteElo "2239"]
[BlackElo "2047"]
[PlyCount "83"]
[EventDate "2015.10.03"]
[EventRounds "9"]
[EventCountry "RUS"]

1. e4 c5 2. Nf3 a6 3. c4 e6 4. Nc3 Nc6 5. Be2 g6 6. d4 cxd4 7. Nxd4 Bg7 8. Be3
Nge7 9. O-O O-O 10. Qd2 Qc7 11. Rac1 Qa5 12. Nb3 Qc7 13. Bf4 e5 14. Bh6 f5 15.
c5 f4 16. Nd5 Nxd5 17. Bxg7 Kxg7 18. exd5 Nd8 19. d6 Qb8 20. Bf3 Nf7 21. Rfe1
Qa7 22. Na5 Rb8 23. Nc4 Qxc5 24. Nxe5 Qxd6 25. Qc3 Qf6 26. Bd5 Nd8 27. Qc7 Ra8
28. Nxd7 Bxd7 29. Qxd7+ Nf7 30. Qxb7 Rab8 31. Qc6 Rxb2 32. Qxf6+ Kxf6 33. Re6+
Kf5 34. h4 Nd8 35. Rxa6 Kg4 36. Rc7 Rf5 37. Rd6 Rf8 38. Rxh7 Kf5 39. Re7 Rh8
40. Be4+ Kg4 41. Rxg6+ Kxh4 42. Bf3 1-0

[Event "Chigorin Memorial"]
[Site "St Petersburg"]
[Date "2015.10.07"]
[Round "5.96"]
[White "Golikov, Daniil"]
[Black "Kakabayaev, Mergen"]
[Result "1/2-1/2"]
[WhiteElo "2039"]
[BlackElo "2239"]
[PlyCount "127"]
[EventDate "2015.10.03"]
[EventRounds "9"]
[EventCountry "RUS"]

1. d4 Nf6 2. c4 g6 3. Nc3 Bg7 4. e4 d6 5. Be2 O-O 6. Bg5 h6 7. Be3 e5 8. d5 a5
9. Qd2 Kh7 10. f3 Na6 11. h4 b6 12. g4 h5 13. g5 Ng8 14. O-O-O f5 15. b3 Bd7
16. a4 Rb8 17. Kb2 Ne7 18. Nb5 Nc8 19. Bd3 Nc5 20. Bxc5 dxc5 21. Bc2 Bxb5 22.
axb5 Nd6 23. Qe2 Qd7 24. Rh2 Rf7 25. Rf1 Rbf8 26. Rhf2 fxe4 27. fxe4 Rxf2 28.
Rxf2 Rxf2 29. Qxf2 Qg4 30. Qe1 a4 31. Ka3 axb3 32. Kxb3 Qg2 33. Bd3 Bh8 34. Bb1
Bg7 35. Bd3 Kg8 36. Qe3 Nb7 37. Nf3 Na5+ 38. Kc3 Qh1 39. Kb2 Qg2+ 40. Qe2 Qg3
41. Kc2 Nb7 42. Qf1 Nd6 43. Qh1 Qf2+ 44. Nd2 Qg3 45. Nf3 Kh7 46. Nd2 Nb7 47.
Kc3 Na5 48. Kc2 Qf2 49. Kc3 Qf4 50. Kc2 Qf2 51. Kc3 Qg3 52. Kc2 Qf4 53. Kc3 Qf2
54. Kc2 Nb3 55. Kxb3 Qxd2 56. Qh3 Qd1+ 57. Kc3 Qc1+ 58. Kb3 Qd2 59. Qg3 Qf4 60.
Qh3 Qf2 61. Bc2 Qd2 62. Bd3 Qe1 63. Kc2 Qg1 64. Kd2 1/2-1/2

[Event "Chigorin Memorial"]
[Site "St Petersburg"]
[Date "2015.10.07"]
[Round "5.97"]
[White "Shkalov, Oleg"]
[Black "Hakobyan, Hovhannes H"]
[Result "0-1"]
[WhiteElo "2239"]
[BlackElo "2043"]
[PlyCount "74"]
[EventDate "2015.10.03"]
[EventRounds "9"]
[EventCountry "RUS"]

1. d4 Nf6 2. c4 g6 3. Nc3 Bg7 4. e4 d6 5. Nf3 O-O 6. h3 e5 7. d5 Nh5 8. g3 f5
9. exf5 gxf5 10. Nh4 Nf4 11. Bd2 Nd7 12. Qc2 Nc5 13. O-O-O a5 14. Be3 Ng6 15.
Nxg6 hxg6 16. h4 Bd7 17. f3 Qe7 18. Re1 c6 19. Qd2 b5 20. dxc6 Bxc6 21. cxb5
Bxf3 22. Bc4+ Kh7 23. Rhf1 Ne4 24. Qc2 Nxc3 25. bxc3 Rfc8 26. Bg5 Qb7 27. Be6
Rc5 28. h5 e4 29. hxg6+ Kxg6 30. Bd2 Re8 31. Bb3 Rxb5 32. Be3 Rc8 33. c4 a4 34.
Qd2 axb3 35. Qxd6+ Bf6 36. a3 Rxc4+ 37. Kb1 Qd5 0-1

[Event "Chigorin Memorial"]
[Site "St Petersburg"]
[Date "2015.10.07"]
[Round "5.98"]
[White "Dimitrova, Aleksandra"]
[Black "Illina, Natalia"]
[Result "1-0"]
[WhiteElo "2235"]
[BlackElo "2041"]
[PlyCount "73"]
[EventDate "2015.10.03"]
[EventRounds "9"]
[EventCountry "RUS"]

1. e4 c5 2. Nf3 Nc6 3. d4 cxd4 4. Nxd4 g6 5. c4 Bg7 6. Be3 Nf6 7. Nc3 d6 8. Be2
O-O 9. O-O Bd7 10. f3 Rc8 11. Rc1 Qa5 12. Qd2 Rfe8 13. Nb3 Qd8 14. Nd5 b6 15.
Bg5 Nxd5 16. exd5 Ne5 17. Nd4 Qc7 18. h3 f6 19. Be3 Qb7 20. f4 Nf7 21. Ne6 Bxe6
22. dxe6 Nd8 23. Bf3 Qa6 24. f5 g5 25. b4 Rc7 26. c5 g4 27. hxg4 bxc5 28. bxc5
dxc5 29. Rxc5 Rxc5 30. Bxc5 Qb5 31. Rc1 Nb7 32. Qd7 Qxd7 33. exd7 Rd8 34. Bxb7
Rxd7 35. Bc8 Rc7 36. Be6+ Kh8 37. Be3 1-0

[Event "Chigorin Memorial"]
[Site "St Petersburg"]
[Date "2015.10.07"]
[Round "5.99"]
[White "Pavlov, Anatoly F"]
[Black "Royset, Pal"]
[Result "0-1"]
[WhiteElo "2018"]
[BlackElo "2234"]
[PlyCount "134"]
[EventDate "2015.10.03"]
[EventRounds "9"]
[EventCountry "RUS"]

1. d4 Nf6 2. Nf3 e6 3. c4 Bb4+ 4. Bd2 c5 5. e3 O-O 6. Bd3 d6 7. O-O Qe7 8. Nc3
e5 9. dxe5 dxe5 10. Qc2 h6 11. a3 Bxc3 12. Bxc3 Nc6 13. h3 Rd8 14. Be2 g6 15.
b3 Bf5 16. Qb2 Ne4 17. Be1 a5 18. Rd1 Re8 19. Bd3 Rad8 20. Bc2 Ng5 21. Nxg5
Rxd1 22. Bxd1 hxg5 23. Bc2 Rd8 24. Bc3 Bxc2 25. Qxc2 Qd7 26. Qb2 Qe6 27. Rc1
Rd3 28. Qe2 Qd7 29. Kf1 e4 30. Ke1 Qe7 31. Qb2 Rd6 32. Rd1 Rxd1+ 33. Kxd1 Kh7
34. Ke1 f5 35. Qd2 b6 36. Qd5 Nd8 37. Ke2 Nf7 38. Bb2 Kh6 39. g3 Qd6 40. Qxd6
Nxd6 41. Be5 Ne8 42. Bb8 Nf6 43. Bc7 Nd7 44. f3 Kh5 45. Bd8 a4 46. bxa4 exf3+
47. Kxf3 Ne5+ 48. Ke2 Nxc4 49. Bc7 g4 50. h4 g5 51. hxg5 Kxg5 52. Kd3 Nb2+ 53.
Kc3 Nxa4+ 54. Kc4 Kf6 55. Kd5 b5 56. Be5+ Kf7 57. e4 fxe4 58. Kxe4 Ke6 59. Bg7
Nb6 60. Bb2 Nd5 61. Bg7 Nf6+ 62. Ke3 Nh5 63. Bf8 Kd5 64. Kf2 c4 65. Ke3 Nxg3
66. Kf4 Ne2+ 67. Kxg4 Ke4 0-1

[Event "Chigorin Memorial"]
[Site "St Petersburg"]
[Date "2015.10.07"]
[Round "5.101"]
[White "Gordon, Evgeny"]
[Black "Pashinsky, Mikhail"]
[Result "0-1"]
[WhiteElo "2015"]
[BlackElo "2228"]
[PlyCount "110"]
[EventDate "2015.10.03"]
[EventRounds "9"]
[EventCountry "RUS"]

1. d4 Nf6 2. c4 e6 3. Nc3 Bb4 4. Qc2 c5 5. dxc5 Na6 6. a3 Bxc3+ 7. Qxc3 Nxc5 8.
f3 a5 9. e4 d6 10. Be3 Qe7 11. Rd1 e5 12. Qd2 Nb3 13. Qc2 a4 14. Ne2 O-O 15.
Nc3 Bd7 16. Be2 Bc6 17. O-O h6 18. Bd3 Nd7 19. Qf2 Qe6 20. Nd5 Bxd5 21. exd5
Qe7 22. g4 Nbc5 23. Bb1 Rfc8 24. Rde1 Rc7 25. Qc2 Nf8 26. Qg2 b5 27. f4 bxc4
28. fxe5 Nd3 29. Bxd3 cxd3 30. Bd4 Rc2 31. Qf3 d2 32. Rd1 dxe5 33. Qe4 Rc4 34.
Qxe5 Qxe5 35. Bxe5 Rxg4+ 36. Kh1 Rg5 37. Bf4 Rxd5 38. Rxd2 Rad8 39. Rdf2 Ne6
40. Bg3 R8d7 41. Rc2 g5 42. Rc4 Rd1 43. Rxd1 Rxd1+ 44. Kg2 Rd4 45. Rc8+ Kh7 46.
Be5 Re4 47. Bc3 f5 48. Rb8 h5 49. Rb4 Kg6 50. Rxe4 fxe4 51. Kf2 Kf5 52. Ke3 g4
53. b4 axb3 54. a4 Nc5 55. a5 Na4 0-1

[Event "Chigorin Memorial"]
[Site "St Petersburg"]
[Date "2015.10.07"]
[Round "5.102"]
[White "Abramov, Nikita"]
[Black "Pustovidko, Anastasia"]
[Result "0-1"]
[WhiteElo "2222"]
[BlackElo "2035"]
[PlyCount "94"]
[EventDate "2015.10.03"]
[EventRounds "9"]
[EventCountry "RUS"]

1. c4 e5 2. g3 Nf6 3. Bg2 d5 4. cxd5 Nxd5 5. Nc3 Nb6 6. Nf3 Nc6 7. O-O Be6 8.
a3 Be7 9. b4 f6 10. d3 O-O 11. Be3 Rc8 12. Ne4 Nd4 13. Nxd4 exd4 14. Bd2 Bd5
15. Rc1 c6 16. Qc2 Na8 17. Qb2 f5 18. Nc5 b6 19. Bxd5+ Qxd5 20. Nb3 c5 21. bxc5
bxc5 22. Qc2 Nb6 23. Na5 Kh8 24. Nc4 Rc6 25. e4 fxe4 26. dxe4 Qxc4 27. Qxc4
Nxc4 28. Rxc4 Re6 29. a4 Rf3 30. Rb1 Rb6 31. Rbc1 g5 32. Kg2 g4 33. h3 h5 34.
R1c2 Kg7 35. Bf4 Ra3 36. Bc1 Rab3 37. hxg4 hxg4 38. Bf4 R6b4 39. Rxc5 Bxc5 40.
Rxc5 Rxa4 41. Rg5+ Kf7 42. Rxg4 d3 43. Be3 Ra2 44. e5 d2 45. e6+ Kxe6 46. Re4+
Kf5 47. Rd4 Rxe3 0-1

[Event "Chigorin Memorial"]
[Site "St Petersburg"]
[Date "2015.10.07"]
[Round "5.103"]
[White "Khalaji, Hanieh"]
[Black "Mesnyankin, Nikita"]
[Result "1/2-1/2"]
[WhiteElo "2006"]
[BlackElo "2218"]
[PlyCount "73"]
[EventDate "2015.10.03"]
[EventRounds "9"]
[EventCountry "RUS"]

1. e4 e5 2. Nf3 Nc6 3. Bb5 a6 4. Bxc6 dxc6 5. O-O Bg4 6. h3 h5 7. d3 Qf6 8. Be3
Ne7 9. Nbd2 Bxf3 10. Qxf3 Qe6 11. c3 O-O-O 12. d4 Ng6 13. Rfd1 Be7 14. Nb3 b6
15. d5 cxd5 16. exd5 e4 17. Qe2 Rxd5 18. Qxa6+ Kb8 19. Nd4 Qd7 20. b4 Bf6 21.
a4 Ne7 22. a5 b5 23. Rd2 Bxd4 24. Bxd4 Nc8 25. Be3 Rxd2 26. Bxd2 Qxd2 27. Qxb5+
Ka7 28. a6 Nb6 29. Qc6 Rb8 30. Qxc7+ Ka8 31. Qc6+ Ka7 32. Qc7+ Ka8 33. Qc6+ Ka7
34. Qc7+ Ka8 35. Qc6+ Ka7 36. Qc7+ Ka8 37. Qc6+ 1/2-1/2

[Event "Chigorin Memorial"]
[Site "St Petersburg"]
[Date "2015.10.07"]
[Round "5.104"]
[White "Vinod, G."]
[Black "Urazayev, Arystanbek"]
[Result "0-1"]
[WhiteElo "1990"]
[BlackElo "2217"]
[PlyCount "40"]
[EventDate "2015.10.03"]
[EventRounds "9"]
[EventCountry "RUS"]

1. f4 Nf6 2. Nf3 g6 3. g3 Bg7 4. Bg2 d6 5. O-O O-O 6. Nc3 c5 7. d4 cxd4 8. Nxd4
Nc6 9. Nxc6 bxc6 10. Kh1 Qb6 11. h3 d5 12. Na4 Qa5 13. c4 dxc4 14. Bd2 Qh5 15.
h4 Bg4 16. Re1 Rad8 17. Rc1 Rd3 18. exd3 Bxd1 19. Rcxd1 cxd3 20. Bxc6 Ng4 0-1

[Event "Chigorin Memorial"]
[Site "St Petersburg"]
[Date "2015.10.07"]
[Round "5.105"]
[White "Khmelev, Mikhail"]
[Black "Zhikharev, Valeriy"]
[Result "1/2-1/2"]
[WhiteElo "1988"]
[BlackElo "2212"]
[PlyCount "80"]
[EventDate "2015.10.03"]
[EventRounds "9"]
[EventCountry "RUS"]

1. e4 e6 2. d4 d5 3. exd5 exd5 4. c4 Nf6 5. Nc3 Be7 6. Nf3 O-O 7. Bd3 dxc4 8.
Bxc4 Bg4 9. O-O Nc6 10. d5 Ne5 11. Be2 Nxf3+ 12. Bxf3 Bxf3 13. Qxf3 Qd7 14. Bf4
Bd6 15. Rad1 a6 16. Rd4 Rfe8 17. Rfd1 Re7 18. h3 Rae8 19. Kf1 b5 20. Bg5 Be5
21. d6 cxd6 22. Bxf6 Bxf6 23. Rg4 Re6 24. Re4 Bxc3 25. Rxe6 fxe6 26. Qxc3 d5
27. Rc1 d4 28. Qc6 Qxc6 29. Rxc6 Kf7 30. Ke2 e5 31. Kd3 Re6 32. Rc2 Kf6 33. Rc7
h5 34. Ke4 Rd6 35. Rc1 d3 36. Rd1 Rd4+ 37. Ke3 Rb4 38. Rxd3 Rxb2 39. Rd6+ Kf5
40. Rxa6 h4 1/2-1/2

[Event "Chigorin Memorial"]
[Site "St Petersburg"]
[Date "2015.10.07"]
[Round "5.106"]
[White "Stepanov, Andrey"]
[Black "Zaykov, Sergey"]
[Result "1-0"]
[WhiteElo "1980"]
[BlackElo "2210"]
[PlyCount "161"]
[EventDate "2015.10.03"]
[EventRounds "9"]
[EventCountry "RUS"]

1. e4 c5 2. Nf3 e6 3. d4 cxd4 4. Nxd4 a6 5. Bd3 Qc7 6. O-O Nf6 7. Qe2 Nc6 8.
Nxc6 dxc6 9. Kh1 h5 10. a4 Ng4 11. f4 Bc5 12. g3 e5 13. f5 a5 14. h3 Nf6 15.
Bg5 b6 16. Nd2 Bb7 17. Nf3 Be7 18. Kh2 Nd7 19. Bxe7 Kxe7 20. Bc4 Nf6 21. Ng5
Rhf8 22. Rad1 Rad8 23. Rxd8 Kxd8 24. Rd1+ Kc8 25. Ba6 Qe7 26. Bxb7+ Kxb7 27.
Qe3 Rc8 28. Kg2 Rc7 29. Kf3 Nd7 30. b3 Nc5 31. Ke2 Na6 32. Nf3 Nb4 33. Qc3 f6
34. Rd2 Qf7 35. Ne1 c5 36. Qc4 Nc6 37. c3 Rd7 38. Qxf7 Rxf7 39. Ng2 c4 40. bxc4
Rc7 41. Ne3 Nb8 42. Rd6 Rd7 43. Re6 Rc7 44. Nd5 Rxc4 45. Re7+ Ka6 46. Nc7+ Kb7
47. Nb5+ Kc6 48. Re8 Kd7 49. Rxb8 Rxe4+ 50. Kd3 Rxa4 51. Rxb6 Ra1 52. Kc4 Rg1
53. Rb7+ Kc8 54. Rxg7 h4 55. Rc7+ Kd8 56. gxh4 Rg3 57. Rf7 Rxh3 58. Rxf6 Rxh4+
59. Kd5 e4 60. Re6 Rf4 61. Nd4 a4 62. Rxe4 Rf3 63. Kc4 Rh3 64. Re5 Rh1 65. Ra5
Ra1 66. Kb4 Rb1+ 67. Kxa4 Ke7 68. Rb5 Rc1 69. Kb4 Kf6 70. Rb6+ Ke5 71. Kc4 Rf1
72. Re6+ Kf4 73. f6 Kg5 74. Kd5 Kg6 75. c4 Kf7 76. c5 Rb1 77. c6 Rc1 78. Kd6
Rd1 79. Re4 Kxf6 80. c7 Rc1 81. Nc6 1-0

[Event "Chigorin Memorial"]
[Site "St Petersburg"]
[Date "2015.10.07"]
[Round "5.107"]
[White "Mischeryakov, Alexey"]
[Black "Larin, Maxim"]
[Result "0-1"]
[WhiteElo "1923"]
[BlackElo "2199"]
[PlyCount "46"]
[EventDate "2015.10.03"]
[EventRounds "9"]
[EventCountry "RUS"]

1. e4 c5 2. Nf3 Nc6 3. d4 cxd4 4. Nxd4 e5 5. Nb3 Nf6 6. Bg5 h6 7. Bxf6 Qxf6 8.
Nc3 Bb4 9. Bd3 O-O 10. O-O Bxc3 11. bxc3 d6 12. Qd2 Be6 13. Rab1 Rfd8 14. c4
Rac8 15. a4 Ne7 16. Qb4 Rd7 17. Rfd1 Ng6 18. Bf1 Qe7 19. Rd2 Nf4 20. Rbd1 Qg5
21. f3 Rdc7 22. Qxd6 Rd7 23. h4 Qg3 0-1

[Event "Chigorin Memorial"]
[Site "St Petersburg"]
[Date "2015.10.07"]
[Round "5.108"]
[White "Purtov, Konstantin"]
[Black "Martynyuk, Elizaveta"]
[Result "1-0"]
[WhiteElo "2199"]
[BlackElo "2031"]
[PlyCount "67"]
[EventDate "2015.10.03"]
[EventRounds "9"]
[EventCountry "RUS"]

1. d4 d5 2. Nc3 Nf6 3. Bf4 Bf5 4. e3 a6 5. f3 e6 6. g4 Bg6 7. h4 h5 8. g5 Nfd7
9. Bd3 Bxd3 10. Qxd3 g6 11. e4 dxe4 12. Qxe4 Nc6 13. O-O-O Bd6 14. d5 Bxf4+ 15.
Qxf4 e5 16. dxc6 exf4 17. cxd7+ Kf8 18. Nh3 Kg7 19. Rhe1 c6 20. Ne4 Qa5 21. Kb1
Rhd8 22. Nf6 b5 23. Nxf4 Qb4 24. Re4 Qc5 25. Nd3 Qf5 26. Ne5 Qe6 27. f4 Rac8
28. Red4 Rc7 29. Rd6 Qf5 30. Ne8+ Kh7 31. Nxc7 Qxf4 32. Nxc6 Rf8 33. Ne8 Qxh4
34. d8=Q 1-0

[Event "Chigorin Memorial"]
[Site "St Petersburg"]
[Date "2015.10.07"]
[Round "5.109"]
[White "Menkov, Aleksandr"]
[Black "Kolesnikova, Kristina"]
[Result "1-0"]
[WhiteElo "2197"]
[BlackElo "2027"]
[PlyCount "83"]
[EventDate "2015.10.03"]
[EventRounds "9"]
[EventCountry "RUS"]

1. Nf3 Nf6 2. g3 e6 3. Bg2 Be7 4. O-O O-O 5. c4 d5 6. d4 Nbd7 7. Qc2 c6 8. Nbd2
Re8 9. e4 dxe4 10. Nxe4 Nxe4 11. Qxe4 Bf6 12. Re1 Nb6 13. Ne5 Qe7 14. b3 g6 15.
a4 a5 16. Ba3 Qd8 17. Rad1 Bg7 18. Qe3 f5 19. h4 Nd7 20. f4 Qb6 21. h5 gxh5 22.
Bf3 Nf6 23. Re2 Ng4 24. Bxg4 hxg4 25. Rh2 Qc7 26. Kf2 Bf8 27. Bxf8 Rxf8 28.
Rdh1 Re8 29. Rxh7 Qxh7 30. Rxh7 Kxh7 31. Nf7 Bd7 32. Nd6 Rf8 33. Nxb7 Ra7 34.
Nc5 Re8 35. Qe5 Bc8 36. Qd6 Kg6 37. Qxc6 Rh8 38. Nxe6 Re7 39. Nf8+ Kf7 40. Qg6+
Kxf8 41. Qf6+ Kg8 42. Qxe7 1-0

[Event "Chigorin Memorial"]
[Site "St Petersburg"]
[Date "2015.10.07"]
[Round "5.110"]
[White "Glukhov, Dmitriy"]
[Black "Khadzhiev, Valery"]
[Result "0-1"]
[WhiteElo "1893"]
[BlackElo "2195"]
[PlyCount "106"]
[EventDate "2015.10.03"]
[EventRounds "9"]
[EventCountry "RUS"]

1. d4 d5 2. Nf3 Nf6 3. g3 e6 4. Bg2 Be7 5. O-O O-O 6. c4 Nbd7 7. Qc2 c5 8. Nbd2
Qb6 9. Nb3 cxd4 10. Nfxd4 Ne5 11. cxd5 Nxd5 12. e4 Nb4 13. Qe2 Qa6 14. Qxa6
Nxa6 15. f4 Nc4 16. Rd1 e5 17. fxe5 Nxe5 18. Nf5 Bf6 19. Be3 g6 20. Nd6 b6 21.
h3 Nb4 22. Rd2 Ba6 23. Nd4 Rfd8 24. N4b5 Rd7 25. Rad1 Rad8 26. Nc3 Nbd3 27.
Ndb5 Nc4 28. Re2 Nxe3 29. Rxe3 Nxb2 30. Rxd7 Rxd7 31. Nd5 Be5 32. Rb3 Na4 33.
Kh2 Kg7 34. h4 Nc5 35. Rb1 h6 36. Bf3 h5 37. Bg2 Nd3 38. Nbc3 Nf2 39. Rc1 Ng4+
40. Kh3 Bc4 41. Bf3 Nf6 42. Nxf6 Bxf6 43. a3 Rd3 44. Ne2 Be6+ 45. Kg2 Rxa3 46.
Nf4 Ra2+ 47. Kh1 Bg4 48. Bg2 Be5 49. Rc6 Bxf4 50. gxf4 Rb2 51. e5 Be6 52. Rc7
a5 53. Bc6 Rb4 0-1

[Event "Chigorin Memorial"]
[Site "St Petersburg"]
[Date "2015.10.07"]
[Round "5.111"]
[White "Dragun, Valentin"]
[Black "Gorovenko, Darya"]
[Result "1-0"]
[WhiteElo "2190"]
[BlackElo "2024"]
[PlyCount "101"]
[EventDate "2015.10.03"]
[EventRounds "9"]
[EventCountry "RUS"]

1. e4 c5 2. Be2 e6 3. f4 Nc6 4. Nf3 d5 5. d3 Be7 6. O-O Qc7 7. Qe1 b6 8. c3
dxe4 9. dxe4 Bb7 10. Na3 a6 11. Nc4 Nf6 12. e5 Nd5 13. Qg3 O-O-O 14. Ng5 Rdf8
15. Ne4 b5 16. Ncd6+ Kb8 17. a4 b4 18. Nxb7 Qxb7 19. Be3 Nxe3 20. Qxe3 Qa7 21.
Kh1 Rd8 22. Rac1 b3 23. Nd2 Qb6 24. Nc4 Qc7 25. Ra1 Na5 26. Ra3 Ka7 27. Nxa5
Qxa5 28. Rxb3 Rb8 29. Rxb8 Rxb8 30. b4 Qxa4 31. bxc5 Qa5 32. c6+ Qb6 33. Qe4 g6
34. h3 Rc8 35. Bf3 Rc7 36. Rb1 Qa5 37. Qc4 Bc5 38. Be4 Qa3 39. Kh2 Be3 40. Bf3
g5 41. fxg5 Qc5 42. Qxc5+ Bxc5 43. Kg3 a5 44. Rb5 Bb6 45. c4 Rc8 46. c5 Bc7 47.
Rb7+ Ka8 48. Kf4 Rb8 49. Rxc7 a4 50. Rd7 a3 51. c7+ 1-0

[Event "Chigorin Memorial"]
[Site "St Petersburg"]
[Date "2015.10.07"]
[Round "5.112"]
[White "Dilmukhametov, Artur"]
[Black "Pavlova, Nataliy"]
[Result "1-0"]
[WhiteElo "2187"]
[BlackElo "2021"]
[PlyCount "87"]
[EventDate "2015.10.03"]
[EventRounds "9"]
[EventCountry "RUS"]

1. e4 c5 2. Nf3 Nc6 3. c3 d5 4. exd5 Qxd5 5. d4 Bf5 6. Be3 cxd4 7. Nxd4 Nxd4 8.
Qxd4 Nf6 9. Na3 a6 10. Nc4 Rd8 11. O-O-O g6 12. Bd3 Be6 13. Qb6 Nd7 14. Qc7
Qxg2 15. Na5 Bg7 16. Nxb7 Rb8 17. Nc5 Be5 18. Qa5 Nxc5 19. Qxc5 Qb7 20. b3 Bxb3
21. Qxe5 f6 22. Be4 Bd5 23. Qxb8+ Qxb8 24. Bxd5 Qc8 25. Kb2 e6 26. Bb3 Qc6 27.
Rhe1 Kf7 28. Bf4 Re8 29. Rd6 Qb5 30. Rexe6 Rxe6 31. Rxe6 Kg7 32. Re7+ Kf8 33.
Bd6 Qd3 34. Bc5 Qd2+ 35. Ka3 Qxc3 36. Rc7+ Ke8 37. Bd6 Qd3 38. Bb4 a5 39. Bxa5
Qd6+ 40. Ka4 Qxh2 41. Bb6 g5 42. Kb5 h5 43. Kc6 h4 44. Rc8+ 1-0

[Event "Chigorin Memorial"]
[Site "St Petersburg"]
[Date "2015.10.07"]
[Round "5.113"]
[White "Mirzaeva, Gulnara"]
[Black "Obgolts, Erik"]
[Result "0-1"]
[WhiteElo "1890"]
[BlackElo "2184"]
[PlyCount "72"]
[EventDate "2015.10.03"]
[EventRounds "9"]
[EventCountry "RUS"]

1. e4 g6 2. d4 Bg7 3. Nc3 c6 4. Be3 d5 5. e5 Nh6 6. Bg5 f6 7. Bf4 O-O 8. Nf3
Bg4 9. Be2 Nd7 10. Qd2 Nf7 11. exf6 exf6 12. O-O-O Nb6 13. h3 Be6 14. Qe3 Re8
15. Nd2 Nd6 16. Qf3 Bf7 17. h4 Ne4 18. Ndxe4 dxe4 19. Qg3 Nd5 20. Nxd5 Qxd5 21.
c4 Qa5 22. Qa3 Qxa3 23. bxa3 Bf8 24. Rh3 Rac8 25. Kb2 h6 26. Bg4 f5 27. Be2 Bg7
28. Kb3 Rcd8 29. f3 Rxd4 30. Rxd4 Bxd4 31. fxe4 fxe4 32. Bxh6 b5 33. Bf4 c5 34.
Rh1 Re6 35. Bd2 Rf6 36. Rf1 Bxc4+ 0-1

[Event "Chigorin Memorial"]
[Site "St Petersburg"]
[Date "2015.10.07"]
[Round "5.114"]
[White "Efimenko, Aleksandr"]
[Black "Tugarin, Anton"]
[Result "0-1"]
[WhiteElo "1871"]
[BlackElo "2177"]
[PlyCount "74"]
[EventDate "2015.10.03"]
[EventRounds "9"]
[EventCountry "RUS"]

1. e4 e6 2. d4 d5 3. Nd2 Be7 4. Bd3 c5 5. dxc5 Nf6 6. Qe2 Nc6 7. Ngf3 Nb4 8.
O-O Nxd3 9. cxd3 Bxc5 10. Nb3 Be7 11. Bg5 O-O 12. Rac1 Re8 13. e5 Nd7 14. Bxe7
Rxe7 15. Nfd4 Nb8 16. Nb5 Nc6 17. Qe3 f6 18. exf6 gxf6 19. N3d4 Nxd4 20. Qxd4
a6 21. Nc3 Rg7 22. Rfe1 Bd7 23. Re3 Rc8 24. Rce1 Rc6 25. h3 Bc8 26. Ne4 e5 27.
Nxf6+ Rxf6 28. Rxe5 Rf8 29. Rxd5 Qc7 30. Re3 b5 31. Rg3 Rxg3 32. fxg3 Qxg3 33.
h4 Bf5 34. Rd6 Re8 35. Qd5+ Kh8 36. Rd8 Qe1+ 37. Kh2 Qxh4+ 0-1

[Event "Chigorin Memorial"]
[Site "St Petersburg"]
[Date "2015.10.07"]
[Round "5.115"]
[White "Pyatin, Alexander"]
[Black "Nikulina, Alena"]
[Result "1-0"]
[WhiteElo "2175"]
[BlackElo "2010"]
[PlyCount "73"]
[EventDate "2015.10.03"]
[EventRounds "9"]
[EventCountry "RUS"]

1. e4 c5 2. Nf3 Nc6 3. d4 cxd4 4. Nxd4 Nf6 5. Nc3 e5 6. Ndb5 d6 7. Bg5 a6 8.
Na3 b5 9. Nd5 Be7 10. Bxf6 Bxf6 11. c4 b4 12. Nc2 Rb8 13. g3 O-O 14. b3 g6 15.
h4 h5 16. Qd3 Bg7 17. Be2 f5 18. f3 a5 19. g4 f4 20. gxh5 gxh5 21. O-O-O Kh7
22. Rdg1 Bh6 23. Bf1 Ne7 24. Bh3 Bxh3 25. Rxh3 Qd7 26. Rh2 Nxd5 27. Qxd5 a4 28.
Rhg2 axb3 29. axb3 Qe7 30. Rg6 Rf6 31. Rxf6 Qxf6 32. Qc6 Qe7 33. c5 Rg8 34.
Rxg8 Kxg8 35. cxd6 Qxh4 36. Qe8+ Kh7 37. Qe7+ 1-0

[Event "Chigorin Memorial"]
[Site "St Petersburg"]
[Date "2015.10.07"]
[Round "5.116"]
[White "Zhemchuzhina, Elizaveta"]
[Black "Galaktionov, Artem"]
[Result "0-1"]
[WhiteElo "1857"]
[BlackElo "2174"]
[PlyCount "168"]
[EventDate "2015.10.03"]
[EventRounds "9"]
[EventCountry "RUS"]

1. d4 d5 2. c4 e6 3. Nc3 Be7 4. cxd5 exd5 5. Bf4 c6 6. e3 Bf5 7. g4 Be6 8. h4
h6 9. h5 Nf6 10. Be2 Qb6 11. Rb1 Nbd7 12. Nh3 Ne4 13. Bf3 Ndf6 14. g5 hxg5 15.
Nxg5 Nxg5 16. Bxg5 Bf5 17. Bxf6 Bxf6 18. e4 dxe4 19. Bxe4 Bxe4 20. Nxe4 Bxd4
21. Qg4 Kf8 22. O-O Re8 23. Nd6 Re6 24. Nf5 Be5 25. Rfe1 g6 26. Rxe5 Rxe5 27.
hxg6 fxg6 28. Nd6 Qc5 29. Qc8+ Kg7 30. Qc7+ Kf6 31. Qf7+ Kg5 32. Qg7 Qxd6 33.
Qxh8 Re4 34. Qc3 Qd5 35. Qc1+ Kh5 36. Qd1+ Rg4+ 37. Kf1 Qg2+ 38. Ke2 Qe4+ 39.
Kf1 g5 40. Rc1 Qg2+ 41. Ke2 Qe4+ 42. Kf1 Qh1+ 43. Ke2 Re4+ 44. Kd3+ Qxd1+ 45.
Rxd1 Re7 46. Rg1 g4 47. Rg3 Rf7 48. Ke2 Kg5 49. Ra3 b6 50. Kf1 c5 51. Kg2 Rd7
52. Ra6 Kf5 53. b3 Rg7 54. Kg3 Ke5 55. Ra4 b5 56. Ra5 Rb7 57. Kxg4 Kd4 58. f4
c4 59. bxc4 bxc4 60. Ra6 Rc7 61. f5 c3 62. Rd6+ Kc4 63. Rd1 c2 64. Rh1 Kc3 65.
f6 Kb2 66. Rh2 Ka3 67. f7 Rxf7 68. Rxc2 a5 69. Rc5 a4 70. Rc4 Rf2 71. Kg3 Rxa2
72. Kf3 Rd2 73. Ke3 Rd7 74. Rc8 Kb3 75. Rb8+ Ka2 76. Ra8 a3 77. Rb8 Rd1 78. Ke2
Rb1 79. Ra8 Rb6 80. Kd2 Kb2 81. Rc8 a2 82. Rc2+ Ka3 83. Rc3+ Rb3 84. Rc1 Rb1
0-1

[Event "Chigorin Memorial"]
[Site "St Petersburg"]
[Date "2015.10.07"]
[Round "5.117"]
[White "Selezneva, Ekaterina"]
[Black "Naumenko, Oleg"]
[Result "0-1"]
[WhiteElo "1700"]
[BlackElo "2167"]
[PlyCount "70"]
[EventDate "2015.10.03"]
[EventRounds "9"]
[EventCountry "RUS"]

1. e4 e5 2. Nf3 d6 3. d4 Bg4 4. dxe5 Nd7 5. Be2 dxe5 6. O-O Ngf6 7. Nc3 c6 8.
Be3 Bxf3 9. Bxf3 Bc5 10. Bg5 h6 11. Bh4 g5 12. Bg3 Qe7 13. a3 O-O-O 14. h4 Qe6
15. Na4 Kb8 16. Re1 Rhg8 17. Qc1 Be7 18. b4 Ng4 19. c4 gxh4 20. Bh2 Rg5 21. Rb1
Rdg8 22. Qd2 Ndf6 23. Nc5 Qc8 24. Red1 Kc7 25. Nd3 Nxh2 26. Kxh2 Ng4+ 27. Kg1
h3 28. g3 h5 29. b5 c5 30. b6+ axb6 31. Qb2 R8g6 32. Bxg4 Qxg4 33. Nxe5 Qxe4
34. f3 Qxe5 35. Qb5 Qf5 0-1

[Event "Chigorin Memorial"]
[Site "St Petersburg"]
[Date "2015.10.07"]
[Round "5.118"]
[White "Pogosian, Vladimir"]
[Black "Bezstrakhov, Dmitry"]
[Result "0-1"]
[WhiteElo "2167"]
[BlackElo "1903"]
[PlyCount "105"]
[EventDate "2015.10.03"]
[EventRounds "9"]
[EventCountry "RUS"]

1. e4 c5 2. Nc3 d6 3. f4 Nc6 4. Nf3 Nf6 5. Bc4 e6 6. Bb3 Be7 7. O-O O-O 8. d3
Na5 9. h3 Nxb3 10. axb3 Bd7 11. g4 b5 12. Ne2 c4 13. Ng3 cxd3 14. Qxd3 b4 15.
c4 Bc6 16. Be3 Qb8 17. Nd4 Bb7 18. Ra4 Rc8 19. Nc2 a5 20. Rfa1 Qc7 21. Nd4 Nd7
22. Nb5 Qc6 23. Rxa5 Bh4 24. Rxa8 Rxa8 25. Rxa8+ Bxa8 26. Nd4 Qb7 27. Nde2 Qc6
28. Qd2 h6 29. Qxb4 Nf6 30. Qb6 Nxe4 31. Qxc6 Bxc6 32. Nxe4 Bxe4 33. Nc3 Bd3
34. Kg2 Kf8 35. Kf3 Bf1 36. Ne4 Ke7 37. Bf2 Bxf2 38. Nxf2 g5 39. Kg3 d5 40. c5
Be2 41. h4 gxh4+ 42. Kxh4 f5 43. gxf5 exf5 44. Kg3 d4 45. Nh1 h5 46. Kf2 Bd3
47. Ng3 h4 48. Nh5 Be4 49. b4 Bc6 50. Ke2 Bb5+ 51. Kd2 Kf7 52. c6 Bxc6 53. Kd3
0-1